In the shadow of the city (Record no. 338189)

000 -LEADER
fixed length control field 00228cam a22000977a 4500
008 - FIXED-LENGTH DATA ELEMENTS--GENERAL INFORMATION
fixed length control field 180718b xxu||||| |||| 00| 0 eng d
082 ## - DEWEY DECIMAL CLASSIFICATION NUMBER
Classification number O1/H234
100 ## - MAIN ENTRY--PERSONAL NAME
Personal name Harpham, Trudy, ed.
245 ## - TITLE STATEMENT
Title In the shadow of the city
260 ## - PUBLICATION, DISTRIBUTION, ETC.
Place of publication, distribution, etc.
Name of publisher, distributor, etc.
Date of publication, distribution, etc.
Holdings
Withdrawn status Lost status Damaged status Not for loan Permanent Location Current Location Date acquired Full call number Barcode Date last seen Price effective from Koha item type
        Indian Institute of Public Administration Indian Institute of Public Administration 2009-01-14 O1 H234 DA5909 2018-07-21 2018-07-21 DA
        Indian Institute of Public Administration Indian Institute of Public Administration 1899-12-30 O1/H234 5909 2018-07-21 2018-07-21 Book

Powered by Koha